| 000 | 00555cam a2200217 4500 | ||
|---|---|---|---|
| 008 | 000000n1996 000 0 eng u | ||
| 020 | _a0421453206 | ||
| 035 | _a(Sirsi) u108855 | ||
| 050 | _a347.41012 | ||
| 100 | _aGordon, Richard | ||
| 245 | _aJudicial review : law and procedure. | ||
| 250 | _a2nd ed. | ||
| 260 |
_aLondon _bSweet & Maxwell _c1996 |
||
| 300 | _axlvi,365p. ; 25cm. | ||
| 350 | _a57.00 | ||
| 650 | _aJUDICIAL REVIEW | ||
| 650 | _aSUPREME COURT ACT 1981 | ||
| 650 | _aPRACTICE DIRECTIONS | ||
| 690 | _aLAW-UK | ||
| 942 | _n0 | ||
| 999 |
_c100863 _d100863 |
||